| 000 | 01295cam a2200349 a 4500 | ||
|---|---|---|---|
| 999 |
_c10621 _d10621 |
||
| 001 | 12712434 | ||
| 003 | OSt | ||
| 005 | 20191227115157.0 | ||
| 008 | 020321r20022001ii a b 001 0 eng d | ||
| 010 | _a 2002277633 | ||
| 020 | _a0195659139 | ||
| 020 | _a9780195659139 | ||
| 035 | _a(OCoLC)ocm48587132 | ||
| 040 | _coclc | ||
| 042 | _alccopycat | ||
| 050 | 0 | 0 |
_aHC79.E5 _bE577135 2002 |
| 082 | 0 | 0 |
_a333.7 _221 _bSAN/E |
| 245 | 0 | 0 |
_aEnvironmental Economics / _cUlaganathan Sankar |
| 260 |
_aDelhi ; _aNew York : _bOxford University Press, _c2002. |
||
| 300 | _a469 p | ||
| 440 | 0 |
_aOxford in India readings. _pReaders in economics |
|
| 440 | 0 | _aOxford India paperbacks | |
| 500 | _aOriginally published: 2001. | ||
| 504 | _aIncludes bibliographical references and indexes. | ||
| 650 | 0 | _aEnvironmental economics. | |
| 700 |
_aSankar, Ulaganathan _9816 |
||
| 856 | 4 | 2 |
_3Publisher description _uhttp://www.loc.gov/catdir/enhancements/fy0613/2002277633-d.html |
| 856 | 4 | 1 |
_3Table of contents only _uhttp://www.loc.gov/catdir/enhancements/fy0613/2002277633-t.html |
| 906 |
_a7 _bcbc _ccopycat _d2 _encip _f20 _gy-gencatlg |
||
| 942 |
_2ddc _cBK _h333.7 _iSAN/E _k333.7 _mSAN/E |
||